[Event "Montigny le Bretonneux op 22nd"]
[Site "Montigny le Bretonneux"]
[Date "2023.12.30"]
[Round "7"]
[White "Perrier Perrery, Philippe"]
[Black "Mourgues, Joelle"]
[Result "0-1"]
[WhiteElo "1419"]
[BlackElo "1522"]
[PlyCount "78"]
[EventDate "2023.12.27"]
[EventType "swiss"]
[EventRounds "7"]
[EventCountry "FRA"]
[SourceTitle "CB06_2024"]
[SourceDate "2024.02.07"]
[SourceVersion "1"]
[SourceVersionDate "2024.02.07"]
[SourceQuality "1"]

1. d4 Nf6 2. c4 e6 3. g3 d6 4. Bg2 Nbd7 5. Nc3 c6 6. Nf3 Be7 7. 0-0 0-0 8. Qc2 e5 9. dxe5 dxe5 10. Rd1 Qc7 11. Bg5 Nc5 12. Bxf6 Bxf6 13. Nd2 Be7 14. a3 Bg4 15. Bf3 Bxf3 16. Nxf3 f5 17. b4 Ne6 18. e3 b6 19. Rd2 Rad8 20. Rad1 f4 21. exf4 exf4 22. g4 Rxd2 23. Rxd2 Ng5 24. Nxg5 Bxg5 25. Ne4 Bh4 26. f3 Qe5 27. Rd1 a5 28. Qd2 axb4 29. axb4 b5 30. c5 Rd8 31. Qxd8+ Bxd8 32. Rxd8+ Kf7 33. Nd6+ Kg6 34. h4 Qe3+ 35. Kg2 Qe2+ 36. Kg1 Qe1+ 37. Kg2 Qxh4 38. Rg8 Qg3+ 39. Kf1 Qxf3+ 0-1

[Event "Espalion op 3rd"]
[Site "Espalion"]
[Date "2018.07.16"]
[Round "3"]
[White "Mourgues, Joelle"]
[Black "Malart, Jacques"]
[Result "1-0"]
[WhiteElo "1580"]
[BlackElo "1735"]
[PlyCount "93"]
[EventDate "2018.07.14"]
[EventType "swiss"]
[EventRounds "9"]
[EventCountry "FRA"]
[SourceTitle "CBM 185 Extra"]
[Source "ChessBase"]
[SourceDate "2018.07.29"]
[SourceVersion "1"]
[SourceVersionDate "2018.07.29"]
[SourceQuality "1"]

1. Nf3 Nf6 2. g3 g6 3. d3 Bg7 4. Bg2 0-0 5. 0-0 c6 6. e4 d6 7. Nbd2 e5 8. Nc4 b5 9. Ne3 a5 10. a4 b4 11. h3 Be6 12. b3 Nfd7 13. Ng4 Nf6 14. Nh6+ Kh8 15. g4 Ng8 16. Nxg8 Kxg8 17. Be3 d5 18. Ng5 d4 19. Nxe6 fxe6 20. Bd2 Nd7 21. g5 Rf7 22. Qg4 Nc5 23. h4 Qe8 24. Rae1 Kf8 25. f4 exf4 26. Rxf4 e5 27. Rxf7+ Kxf7 28. h5 Ke7 29. h6 Bf8 30. Rf1 Kd8 31. Be1 Bd6 32. Rf3 Kc7 33. Bh3 Qe7 34. Rf6 Rf8 35. Qf3 Rxf6 36. gxf6 Qf8 37. Bd2 Qf7 38. Bg5 Kb6 39. Qg4 Nxd3 40. Qe6 Qxe6 41. Bxe6 Nf4 42. Bxf4 exf4 43. Bg8 Bf8 44. Bxh7 g5 45. e5 d3 46. Bxd3 Bc5+ 47. Kg2 1-0

[Event "Espalion op 3rd"]
[Site "Espalion"]
[Date "2018.07.14"]
[Round "1"]
[White "Mourgues, Joelle"]
[Black "Gerard, Nicolas"]
[Result "0-1"]
[WhiteElo "1580"]
[BlackElo "2183"]
[PlyCount "46"]
[EventDate "2018.07.14"]
[EventType "swiss"]
[EventRounds "9"]
[EventCountry "FRA"]
[SourceTitle "CBM 185 Extra"]
[Source "ChessBase"]
[SourceDate "2018.07.29"]
[SourceVersion "1"]
[SourceVersionDate "2018.07.29"]
[SourceQuality "1"]

1. Nf3 d5 2. g3 g6 3. d3 Bg7 4. c3 a5 5. Bg2 e5 6. 0-0 Ne7 7. e4 0-0 8. Qc2 Nbc6 9. Nbd2 h6 10. Nh4 g5 11. exd5 Nxd5 12. Qb3 Be6 13. c4 Ndb4 14. Bxc6 bxc6 15. Ng2 Qxd3 16. Ne3 Rfd8 17. a3 Qxb3 18. Nxb3 Nd3 19. Rb1 f5 20. Bd2 f4 21. Ng2 e4 22. Nxa5 Ne5 23. gxf4 Nf3+ 0-1

[Event "Montigny le Bretonneux-B 15th"]
[Site "Montigny le Bretonneux"]
[Date "2016.10.29"]
[Round "8.4"]
[White "Plantet, Marc"]
[Black "Mourgues, Joelle"]
[Result "1-0"]
[WhiteElo "1730"]
[BlackElo "1707"]
[PlyCount "75"]
[EventDate "2016.10.22"]
[EventType "tourn"]
[EventRounds "9"]
[EventCountry "FRA"]
[SourceTitle "EXT 2024"]
[Source "ChessBase"]
[SourceDate "2023.10.10"]
[SourceVersion "1"]
[SourceVersionDate "2023.10.10"]
[SourceQuality "1"]

1. e4 d6 2. b3 e5 3. Bb2 Nd7 4. f4 Ngf6 5. Nf3 exf4 6. Bc4 Ng4 7. d4 Ne3 8. Qe2 Nb6 9. Bd3 Bg4 10. Nbd2 Be7 11. g3 Bg5 12. h3 Bh5 13. g4 Bh4+ 14. Nxh4 Qxh4+ 15. Qf2 Qxf2+ 16. Kxf2 Bg6 17. Kf3 d5 18. Kxf4 Ng2+ 19. Kg3 dxe4 20. Nxe4 Ne3 21. c4 f5 22. Nc5 0-0 23. Rae1 f4+ 24. Kf3 Nc2 25. Re2 Nb4 26. Bxg6 hxg6 27. Rhe1 a5 28. Ne6 Rf7 29. Ng5 Rff8 30. Bc3 c5 31. dxc5 Nd7 32. Re7 Nf6 33. Rxb7 Nd3 34. Ree7 Ne8 35. Rxg7+ Nxg7 36. Rxg7+ Kh8 37. Rh7+ Kg8 38. Rh8# 1-0

[Event "Montigny le Bretonneux-B 15th"]
[Site "Montigny le Bretonneux"]
[Date "2016.10.26"]
[Round "5.1"]
[White "Mourgues, Joelle"]
[Black "Rousseau, Philippe"]
[Result "0-1"]
[WhiteElo "1707"]
[BlackElo "1746"]
[PlyCount "160"]
[EventDate "2016.10.22"]
[EventType "tourn"]
[EventRounds "9"]
[EventCountry "FRA"]
[SourceTitle "EXT 2024"]
[Source "ChessBase"]
[SourceDate "2023.10.10"]
[SourceVersion "1"]
[SourceVersionDate "2023.10.10"]
[SourceQuality "1"]

1. d4 e6 2. Bf4 d5 3. e3 Nf6 4. h3 Be7 5. Nf3 Nbd7 6. Nbd2 b6 7. Bd3 Bb7 8. 0-0 0-0 9. c3 c5 10. Rc1 Rc8 11. Bb1 cxd4 12. exd4 Nh5 13. Bh2 g6 14. Re1 Ng7 15. Nf1 Nf6 16. Ne5 Ne4 17. f3 Nd6 18. Qe2 Nc4 19. Nd2 Nxb2 20. f4 Na4 21. Qf3 f5 22. Kh1 Nb2 23. Bg1 Ba8 24. Qe2 Qe8 25. Rc2 Ba3 26. c4 Nxc4 27. Ndxc4 dxc4 28. Nxc4 Bb4 29. Rec1 Rd8 30. Rb2 Qe7 31. Bd3 Bd5 32. Rbc2 Nh5 33. Bh2 Qh4 34. Rf1 Rfe8 35. a3 Bf8 36. Ne5 Qxh3 37. Kg1 Qh4 38. Bb5 Re7 39. Bc6 Qf6 40. Rd1 Bb3 41. d5 Bxc2 42. Qxc2 Rc7 43. Qb3 Bc5+ 44. Kh1 Kg7 45. Rf1 Qe7 46. dxe6 Bd4 47. Bd7 Bxe5 48. fxe5 Rcxd7 49. exd7 Rxd7 50. e6 Rd8 51. Rc1 Nf6 52. Rc7 Nd7 53. Be5+ Kf8 54. Bg3 f4 55. Qc3 Qxe6 56. Qh8+ Qg8 57. Qxg8+ Kxg8 58. Bxf4 Nc5 59. Rxa7 Rd7 60. Ra8+ Kf7 61. Rb8 Rb7 62. Rh8 Ke6 63. Re8+ Kd5 64. Re3 Rf7 65. Bh6 Rf5 66. g4 Re5 67. Rf3 Re7 68. Bf8 Rb7 69. Kg2 Ne6 70. Bb4 Nd4 71. Rf8 b5 72. Rd8+ Kc4 73. Rc8+ Kd3 74. Rc5 Ne6 75. Rc3+ Ke4 76. Kg3 Rf7 77. Kh4 h6 78. Rc6 Rf6 79. Bc3 g5+ 80. Kh5 Nf4# 0-1

[Event "Montigny le Bretonneux-B 15th"]
[Site "Montigny le Bretonneux"]
[Date "2016.10.22"]
[Round "1.5"]
[White "Mourgues, Joelle"]
[Black "Verat Fayolle, Celian"]
[Result "1-0"]
[WhiteElo "1707"]
[BlackElo "1669"]
[PlyCount "93"]
[EventDate "2016.10.22"]
[EventType "tourn"]
[EventRounds "9"]
[EventCountry "FRA"]
[SourceTitle "EXT 2024"]
[Source "ChessBase"]
[SourceDate "2023.10.10"]
[SourceVersion "1"]
[SourceVersionDate "2023.10.10"]
[SourceQuality "1"]

1. d4 d5 2. Bf4 Nf6 3. h3 e6 4. e3 c5 5. c3 Nc6 6. Nf3 Be7 7. Nbd2 0-0 8. Be2 b6 9. 0-0 Bb7 10. Rc1 Qc8 11. a3 Ba6 12. dxc5 bxc5 13. c4 d4 14. e4 Rd8 15. Ne5 Bd6 16. Nxc6 Qxc6 17. e5 Bc7 18. Bf3 Qb6 19. Bxa8 Rxa8 20. Bg3 Nd7 21. Re1 Qxb2 22. Qc2 Qxa3 23. Ra1 Qc3 24. Qxc3 dxc3 25. Rxa6 cxd2 26. Rd1 Bxe5 27. Rxd2 Bxg3 28. Rxd7 Be5 29. Raxa7 Rxa7 30. Rxa7 g6 31. g3 Bd4 32. Kf1 e5 33. Ke2 h5 34. g4 hxg4 35. hxg4 f5 36. gxf5 gxf5 37. f3 f4 38. Kd3 Kf8 39. Ke4 Ke8 40. Rh7 Kf8 41. Rh5 Kf7 42. Rxe5 Be3 43. Rf5+ Ke6 44. Rxf4 Bxf4 45. Kxf4 Kf6 46. Ke4 Ke6 47. f4 1-0

[Event "Espalion op 1st"]
[Site "Espalion"]
[Date "2016.07.15"]
[Round "8"]
[White "Mourgues, Joelle"]
[Black "Dubois, Martine"]
[Result "0-1"]
[WhiteElo "1717"]
[BlackElo "1967"]
[PlyCount "122"]
[EventDate "2016.07.09"]
[EventType "swiss"]
[EventRounds "9"]
[EventCountry "FRA"]
[SourceTitle "CBM 173 Extra"]
[Source "ChessBase"]
[SourceDate "2016.08.29"]
[SourceVersion "1"]
[SourceVersionDate "2016.08.29"]
[SourceQuality "1"]

1. Nf3 d5 2. g3 c6 3. d3 Bg4 4. Bg2 f6 5. Nbd2 e5 6. 0-0 Qc8 7. Re1 Bh3 8. Bh1 g5 9. e4 h5 10. Nf1 d4 11. c3 c5 12. Qa4+ Nc6 13. Bxg5 fxg5 14. Nxe5 Bd7 15. Nxd7 Qxd7 16. e5 Rh6 17. cxd4 Nxd4 18. Qxd7+ Kxd7 19. Rac1 Rb8 20. Be4 Rb6 21. b3 Ra6 22. a4 Nxb3 23. Rb1 Rb6 24. Bd5 Nd4 25. Bxg8 Nf3+ 26. Kg2 Nxe1+ 27. Rxe1 Rb4 28. Nd2 Rxa4 29. Bc4 b5 30. e6+ Ke8 31. Bd5 Be7 32. Bc6+ Kd8 33. Nc4 Ra6 34. Ne5 b4 35. Bd5 Kc7 36. Nd7 Rd8 37. Bc4 Ra5 38. f4 Ra3 39. f5 Rxd7 40. exd7 Kxd7 41. Kf3 a5 42. Re6 b3 43. Rb6 a4 44. Ke4 Kc7 45. Rb5 Kc6 46. Ke5 Ra1 47. Ke6 Re1+ 48. Kf7 Bd6 49. f6 Be5 50. Kg6 Rf1 51. f7 b2 52. d4 Rf6+ 53. Kxg5 Bxd4 54. Rb8 a3 55. Ba2 c4 56. f8Q Rxf8 57. Rxf8 c3 58. Rc8+ Kb5 59. Rc4 b1Q 60. Bxb1 Kxc4 61. Bg6 Kb3 0-1

[Event "Espalion op 1st"]
[Site "Espalion"]
[Date "2016.07.13"]
[Round "6"]
[White "Mourgues, Joelle"]
[Black "Lagunes, Jean Renaud"]
[Result "0-1"]
[WhiteElo "1717"]
[BlackElo "2009"]
[PlyCount "102"]
[EventDate "2016.07.09"]
[EventType "swiss"]
[EventRounds "9"]
[EventCountry "FRA"]
[SourceTitle "CBM 173 Extra"]
[Source "ChessBase"]
[SourceDate "2016.08.29"]
[SourceVersion "1"]
[SourceVersionDate "2016.08.29"]
[SourceQuality "1"]

1. Nf3 Nf6 2. d3 g6 3. g3 Bg7 4. Bg2 c6 5. 0-0 d6 6. c3 Qa5 7. Nbd2 Qh5 8. e4 Bh3 9. Nh4 Qxd1 10. Rxd1 Bxg2 11. Kxg2 Nbd7 12. f4 a5 13. Nc4 b5 14. Ne3 a4 15. Nc2 0-0 16. Nb4 Rfc8 17. Re1 c5 18. Nd5 Nxd5 19. exd5 Kf8 20. a3 Nb6 21. f5 Nxd5 22. fxg6 hxg6 23. c4 bxc4 24. dxc4 Nc7 25. Re2 Ne8 26. Rb1 Rcb8 27. Rf2 Nf6 28. Bg5 Rb3 29. Re2 Rab8 30. Kh3 R8b7 31. Ng2 Nh7 32. Bc1 Rxa3 33. bxa3 Rxb1 34. Rc2 Rb3 35. Ne1 Bf6 36. Kg2 Ng5 37. h4 Ne4 38. Nf3 e6 39. g4 d5 40. g5 Bg7 41. cxd5 exd5 42. Re2 Bc3 43. Ne1 Rb1 44. Nd3 c4 45. Nf4 Rxc1 46. Nxd5 Nc5 47. Nc7 Re1 48. Rc2 Ne4 49. Nd5 Be5 50. Rxc4 Re2+ 51. Kf3 Nd2+ 0-1

[Event "Montigny le Bretonneux op 13th"]
[Site "Montigny le Bretonneux"]
[Date "2014.10.23"]
[Round "6"]
[White "Mourgues, Joelle"]
[Black "Branson, James"]
[Result "1-0"]
[WhiteElo "1697"]
[BlackElo "1779"]
[PlyCount "103"]
[EventDate "2014.10.18"]
[EventType "swiss"]
[EventRounds "9"]
[EventCountry "FRA"]
[SourceTitle "EXT 2016"]
[Source "ChessBase"]
[SourceDate "2015.10.08"]
[SourceVersion "1"]
[SourceVersionDate "2015.10.08"]
[SourceQuality "1"]

1. Nf3 d5 2. d4 Nf6 3. h3 Nbd7 4. Bf4 e6 5. e3 c5 6. c3 Qb6 7. Qb3 c4 8. Qxb6 Nxb6 9. Nbd2 Bd7 10. Ne5 Rc8 11. Be2 Na4 12. Rb1 b5 13. 0-0 a5 14. Nxd7 Kxd7 15. a3 Bd6 16. Bg5 b4 17. axb4 axb4 18. Rfc1 Rc7 19. Bd1 Ra8 20. f3 Nb6 21. e4 Ne8 22. e5 Bf8 23. f4 Ra2 24. Kf1 b3 25. Bh4 Na4 26. Nxb3 Rxb2 27. Na5 Ra2 28. Rb8 f6 29. Nb7 Rc8 30. Bxa4+ Rxa4 31. Rxc8 Kxc8 32. Rb1 Ra7 33. Nc5 Bxc5 34. dxc5 fxe5 35. fxe5 Rb7 36. Ra1 Nc7 37. Ke2 Kd7 38. Ke3 Kc6 39. Be7 Nb5 40. Ra6+ Kc7 41. Rxe6 Nxc3 42. Bd6+ Kd8 43. c6 Rc7 44. Bb4 Nb5 45. Ba5 d4+ 46. Kd2 d3 47. g4 g5 48. Bb6 h5 49. gxh5 g4 50. hxg4 c3+ 51. Kxd3 c2 52. Kxc2 1-0

[Event "Montigny le Bretonneux op 13th"]
[Site "Montigny le Bretonneux"]
[Date "2014.10.22"]
[Round "5"]
[White "Couronne, Patrice"]
[Black "Mourgues, Joelle"]
[Result "1-0"]
[WhiteElo "1698"]
[BlackElo "1697"]
[PlyCount "71"]
[EventDate "2014.10.18"]
[EventType "swiss"]
[EventRounds "9"]
[EventCountry "FRA"]
[SourceTitle "EXT 2016"]
[Source "ChessBase"]
[SourceDate "2015.10.08"]
[SourceVersion "1"]
[SourceVersionDate "2015.10.08"]
[SourceQuality "1"]

1. d4 Nf6 2. c4 e6 3. Nc3 Bb4 4. Qc2 0-0 5. a3 Bxc3+ 6. Qxc3 Ne4 7. Qc2 f5 8. Nf3 c5 9. dxc5 b6 10. Nd2 Nxd2 11. Bxd2 bxc5 12. Bf4 Qa5+ 13. Qd2 Qxd2+ 14. Kxd2 Nc6 15. Bd6 Rf7 16. Bxc5 Na5 17. Kc3 Ba6 18. e3 Rc8 19. b4 Nxc4 20. Bxc4 Bxc4 21. Bxa7 Bf1+ 22. Kb2 Bxg2 23. Rhc1 Ra8 24. Rc7 d6 25. Rxf7 Kxf7 26. Bb6 e5 27. Rc1 Ra6 28. Bc7 Ke6 29. b5 Ra8 30. Rg1 Be4 31. Rxg7 Rf8 32. Rxh7 f4 33. Rh6+ Kd7 34. Bxd6 Rf7 35. Bxe5 fxe3 36. fxe3 1-0

[Event "Montigny le Bretonneux op 17th"]
[Site "Montigny le Bretonneux"]
[Date "2013.05.20"]
[Round "9"]
[White "Mourgues, Joelle"]
[Black "Duval, Dominique"]
[Result "1-0"]
[WhiteElo "1737"]
[BlackElo "1780"]
[PlyCount "77"]
[EventDate "2013.05.18"]
[EventType "swiss"]
[EventRounds "9"]
[EventCountry "FRA"]
[SourceTitle "EXT 2014"]
[Source "ChessBase"]
[SourceDate "2013.11.20"]
[SourceVersion "1"]
[SourceVersionDate "2013.11.20"]
[SourceQuality "1"]

1. Nf3 c5 2. g3 Nc6 3. d3 g6 4. Bg2 Bg7 5. c3 d6 6. 0-0 Nf6 7. e4 Bd7 8. Nbd2 0-0 9. Qc2 Qc7 10. a4 b6 11. Nh4 Rac8 12. f4 e5 13. Nc4 Be6 14. f5 Bxc4 15. dxc4 Na5 16. Qe2 Nb3 17. Ra2 Nxc1 18. Rxc1 Qe7 19. Rd1 Ne8 20. a5 Bf6 21. Bh3 Rd8 22. Ng2 Bg5 23. axb6 axb6 24. Rda1 Nc7 25. Ne3 Bxe3+ 26. Qxe3 Ra8 27. Rxa8 Rxa8 28. Rf1 Ne8 29. Qd2 f6 30. fxg6 Nc7 31. gxh7+ Qxh7 32. Bf5 Qe7 33. Rd1 Rd8 34. Ra1 Kf8 35. Ra7 Ra8 36. Qh6+ Kg8 37. Rb7 Qf7 38. Rxc7 Ra1+ 39. Kg2 1-0

[Event "St Chely d'Aubrac op 10th"]
[Site "St Chely d'Aubrac"]
[Date "2010.07.12"]
[Round "3"]
[White "Grange, Laurent"]
[Black "Mourgues, Joelle"]
[Result "0-1"]
[WhiteElo "1513"]
[BlackElo "1797"]
[PlyCount "78"]
[EventDate "2010.07.10"]
[EventType "swiss"]
[EventRounds "9"]
[EventCountry "FRA"]
[SourceTitle "CBM 137 Extra"]
[Source "ChessBase"]
[SourceDate "2010.09.01"]
[SourceVersion "1"]
[SourceVersionDate "2010.09.01"]
[SourceQuality "1"]

1. e4 c5 2. Nc3 Nc6 3. Bc4 e6 4. d3 Be7 5. Nge2 a6 6. a4 Nf6 7. Bg5 0-0 8. f4 d6 9. 0-0 Nd4 10. Ng3 Rb8 11. f5 h6 12. Bxf6 Bxf6 13. Rb1 Bd7 14. fxe6 fxe6 15. Qg4 Kh8 16. Rf2 Qe7 17. Rbf1 b5 18. axb5 axb5 19. Ba2 Nc6 20. Nce2 Ne5 21. Qh3 Ra8 22. Bb1 Nf7 23. c3 Ng5 24. Qg4 c4 25. Nf4 Be8 26. h4 Nh7 27. Nxe6 Bd7 28. Nxf8 Bxg4 29. Ng6+ Kg8 30. Nxe7+ Bxe7 31. d4 Bxh4 32. Kh2 Nf6 33. Rf4 Bg5 34. R4f2 Bd7 35. Nf5 Ng4+ 36. Kg1 Nxf2 37. Kxf2 Rf8 38. Kg1 g6 39. Nxd6 Be3+ 0-1

[Event "Montigny le Bretonneux Noel op 12th"]
[Site "Montigny le Bretonneux"]
[Date "2009.12.27"]
[Round "2"]
[White "Rodriguez, Jean Pierre"]
[Black "Mourgues, Joelle"]
[Result "1/2-1/2"]
[WhiteElo "1855"]
[BlackElo "1805"]
[PlyCount "55"]
[EventDate "2009.12.26"]
[EventType "swiss"]
[EventRounds "7"]
[EventCountry "FRA"]
[SourceTitle "EXT 2011"]
[Source "ChessBase"]
[SourceDate "2010.11.26"]
[SourceVersion "1"]
[SourceVersionDate "2010.11.26"]
[SourceQuality "1"]

1. c4 c5 2. Nf3 Nc6 3. Nc3 d6 4. g3 Nf6 5. Bg2 e5 6. d3 Be7 7. 0-0 Rb8 8. a3 0-0 9. Rb1 Be6 10. b4 a6 11. bxc5 dxc5 12. Bb2 Qc7 13. Ng5 Bf5 14. e4 Bg6 15. Nf3 Rfd8 16. Nd5 Nxd5 17. cxd5 Nd4 18. Nxd4 exd4 19. f4 f6 20. Bh3 f5 21. Qb3 Qd7 22. Rbe1 Bf8 23. Rf2 b5 24. Qd1 Qf7 25. Bg2 Qa7 26. e5 Rbc8 27. d6 Qb6 28. Bd5+ 1/2-1/2

[Event "St Chely d'Aubrac op 9th"]
[Site "St Chely d'Aubrac"]
[Date "2009.07.13"]
[Round "4"]
[White "Kirchhoff, Matthieu"]
[Black "Mourgues, Joelle"]
[Result "0-1"]
[WhiteElo "1510"]
[BlackElo "1808"]
[PlyCount "81"]
[EventDate "2009.07.11"]
[EventType "swiss"]
[EventRounds "9"]
[EventCountry "FRA"]
[SourceTitle "EXT 2010"]
[Source "ChessBase"]
[SourceDate "2010.11.25"]
[SourceVersion "1"]
[SourceVersionDate "2010.11.25"]
[SourceQuality "1"]

1. d4 Nf6 2. c4 e6 3. Nc3 Bb4 4. Bd2 c5 5. a3 Bxc3 6. Bxc3 Ne4 7. Qc2 Nxc3 8. Qxc3 b6 9. e3 0-0 10. Ne2 Bb7 11. Nf4 cxd4 12. Qxd4 d6 13. Qd2 Qe7 14. 0-0-0 Rd8 15. Rg1 Nc6 16. g3 Ne5 17. Bg2 Bf3 18. Bxf3 Nxf3 19. Qc3 Nxg1 20. Rxg1 Rac8 21. b3 b5 22. Nd3 bxc4 23. bxc4 Qf6 24. Qxf6 gxf6 25. Nb2 Rc6 26. Kd2 Rb8 27. Rb1 Kf8 28. e4 Ke7 29. f4 Ra6 30. f5 Rxa3 31. Kc2 Ra2 32. h4 a5 33. Kc1 Rb4 34. Nd3 Rxc4+ 35. Kd1 Rd4 36. Rb3 a4 37. Rc3 Kd7 38. Ke1 Rxe4+ 39. Kf1 Ree2 40. Rc1 Rh2 41. Kg1 0-1

[Event "St Chely d'Aubrac op 9th"]
[Site "St Chely d'Aubrac"]
[Date "2009.07.13"]
[Round "3"]
[White "Mourgues, Joelle"]
[Black "Caparros, Nina"]
[Result "1/2-1/2"]
[WhiteElo "1808"]
[BlackElo "1500"]
[PlyCount "134"]
[EventDate "2009.07.11"]
[EventType "swiss"]
[EventRounds "9"]
[EventCountry "FRA"]
[SourceTitle "EXT 2010"]
[Source "ChessBase"]
[SourceDate "2010.11.25"]
[SourceVersion "1"]
[SourceVersionDate "2010.11.25"]
[SourceQuality "1"]

1. Nf3 c5 2. g3 Nc6 3. d3 Nf6 4. Bg2 g6 5. c3 Bg7 6. 0-0 0-0 7. Nbd2 d6 8. e4 Bg4 9. h3 Be6 10. Qe2 Qd7 11. Ng5 d5 12. Nxe6 Qxe6 13. Kh2 dxe4 14. dxe4 Rad8 15. f4 a6 16. a4 Rb8 17. a5 Rbd8 18. Rf2 Bh6 19. Nc4 Bg7 20. Nb6 Nxa5 21. Nd5 Nc6 22. Ra4 Qd7 23. Qc2 e6 24. Nxf6+ Bxf6 25. e5 Bg7 26. Be3 Qd3 27. Qxd3 Rxd3 28. Bxc5 Rfd8 29. Bxc6 bxc6 30. Rxa6 Rc8 31. h4 f6 32. Bd6 Re3 33. Ra5 fxe5 34. fxe5 c5 35. Rxc5 Rxc5 36. Bxc5 Rxe5 37. Bd4 Rd5 38. Bxg7 Kxg7 39. Re2 Kf6 40. Kg2 e5 41. Kf3 Rd3+ 42. Re3 Rd2 43. b3 h5 44. Ke4 Ke6 45. b4 Rb2 46. Kd3 Kd5 47. c4+ Kd6 48. Kc3 Rb1 49. b5 Rc1+ 50. Kb3 Rb1+ 51. Kc2 Rb4 52. c5+ Kxc5 53. Rxe5+ Kc4 54. Rg5 Kd4 55. Rxg6 Rxb5 56. Rd6+ Ke4 57. Rg6 Rf5 58. Kc3 Rd5 59. Kc4 Rd1 60. Rg5 Rc1+ 61. Kb5 Kf3 62. Rxh5 Kxg3 63. Rh8 Rh1 64. h5 Kg4 65. h6 Kg5 66. Kc6 Rxh6+ 67. Rxh6 Kxh6 1/2-1/2

[Event "St Chely d'Aubrac op 9th"]
[Site "St Chely d'Aubrac"]
[Date "2009.07.11"]
[Round "1"]
[White "Mourgues, Joelle"]
[Black "Stritmatter, Pierre"]
[Result "1-0"]
[WhiteElo "1808"]
[BlackElo "1380"]
[PlyCount "59"]
[EventDate "2009.07.11"]
[EventType "swiss"]
[EventRounds "9"]
[EventCountry "FRA"]
[SourceTitle "EXT 2010"]
[Source "ChessBase"]
[SourceDate "2010.11.25"]
[SourceVersion "1"]
[SourceVersionDate "2010.11.25"]
[SourceQuality "1"]

1. Nf3 Nf6 2. d4 g6 3. Bf4 Bg7 4. e3 d6 5. Bd3 0-0 6. 0-0 Bg4 7. h3 Bxf3 8. Qxf3 c6 9. Nd2 Re8 10. e4 e5 11. dxe5 dxe5 12. Be3 Nbd7 13. Qe2 Rc8 14. Rad1 b5 15. c4 b4 16. c5 Qa5 17. Nc4 Qc7 18. Nd6 Bf8 19. Nxe8 Rxe8 20. Rc1 Qa5 21. b3 Bxc5 22. Bg5 Nh5 23. Qg4 Ndf6 24. Qf3 Re6 25. Bc4 Rd6 26. Rfd1 Bd4 27. Rxd4 exd4 28. Bf4 Nxf4 29. Qxf4 Qc5 30. Bxf7+ 1-0